000 00641nam a22001817a 4500
005 20251108172304.0
008 250721s1985 xx 000 0 ara d
082 1 4 _a796.4107/حنت
100 1 _aحنتوش، معيوف ذنون
245 1 0 _aجمباز الأجهزة للبنات :
_bكتاب منهجي لطالبات كلية التربية الرياضية /
264 1 _aالموصل :
_bوزارة التعليم العالي و البحث العلمي،
_c1985.
300 _a240ص
650 1 7 _aالجمباز
650 1 7 _aالدراسة
700 1 _aسعودي، عامر محمد
942 _2ddc
_cBK
999 _c75241
_d75241